000 00465nam a2200181Ia 4500
001 9213
005 20260306160707.0
008 260306t2014||||xx |||||||||||||| ||spa||
041 _aESP
082 _a375.006
_bH28
100 _aHayes Jacobs, Heidi
_eAUT
245 0 _aCurriculum XXI:
_blo esencial de la educación para un mundo en cambio
260 _c2014
300 _a190 páginas :
_c24 cm.
650 _aGEN
654 _aCED
942 _cLIB
_dJUS
_fJUS
_2ddc
_n
999 _c9213
_d9213